LEADER 00749nam a2200205 i 4500 001 000000119194 003 CaOOAMICUS 005 20111219000000.0 008 111219s1936 it u000 u ita u 013 $a91887 040 $aSeMil$bita 100 1 $aAlberti, Mario.$0(OLS)http://semarc/name/11242 245 12$aL'irredentismo senza romanticismi /$cMario Alberti. 260 $aComo :$bCavalleri,$c[1936] 300 $a637 p., [45] p. di tav. :$bill. ;$c26 cm. 850 $aSeMil 852 $aSeMil$W1$xVenegono$y1$m3U VI 28$j74428$B74428$CSeMilBibl$Z2$F76696 $81 961 $aRecupero: Altro 996 $6245$aL'irredentismo senza romanticismi$9(OLS)http://semarc/title/175156 996 $6260$aComo :$bCavalleri$9(OLS)http://semarc/publisher/33316 LEADER 00538nab a2200145 i 4500 001 000000314976 003 CaOOAMICUS 005 20180831173141.0 008 180831n xx uu u0 0und r 013 $a24065 040 $aSeMil$bita 100 1 $aPellegrino, Ubaldo,$d<1920- >.$0(OLS)http://semarc/name/9662 245 13$aLa conoscenza analogica di Dio; a proposito di un?opera recente. 773 0 $t[Gennaio-Dicembre].$g72-81$w()274277 996 $6245$aLa conoscenza analogica di Dio; a proposito di un?opera recente$9(OLS)http://semarc/title/389095